Statistics for 2019 Red Bull Cliff Diving World Series Tour Event Countries

Click here to take the quiz!

General Stats

  • This quiz has been taken 4 times
  • The average score is 4 of 7

Answer Stats

Answer% Correct
Italy
100%
Bosnia & Herzegovina
67%
Portugal
67%
Spain
67%
Ireland
33%
Philippines
33%
Lebanon
0%

Score Distribution

Percentile by Number Answered

Percent of People with Each Score

Your Score History

You have not taken this quiz